书目信息 |
| 题名: |
大学生体育与健康
|
|
| 作者: | 蒋凯 , 周刚 主编 | |
| 分册: | ||
| 出版信息: | 上海 华东师范大学出版社 2010.08 |
|
| 页数: | 279页 | |
| 开本: | 26cm | |
| 丛书名: | ||
| 单 册: | ||
| 中图分类: | G807.4 , G647.9 | |
| 科图分类: | ||
| 主题词: | 健康教育--jian kang jiao yu--高等学校--教材 , 体育--ti yu--高等学校--教材 | |
| 电子资源: | ||
| ISBN: | 978-7-5617-7720-6 | |
| 000 | 00949nam0 2200277 450 | |
| 001 | 012010373259 | |
| 005 | 20101117105659.93 | |
| 010 | @a978-7-5617-7720-6@dCNY32.00 | |
| 100 | @a20101117d2010 em y0chiy0120 ea | |
| 101 | 0 | @achi |
| 102 | @aCN@b310000 | |
| 105 | @aa z 000yy | |
| 106 | @ar | |
| 200 | 1 | @a大学生体育与健康@Ada xue sheng ti yu yu jian kang@f蒋凯, 周刚主编@Fzhu bian jiang kai,zhou gang |
| 210 | @a上海@c华东师范大学出版社@d2010.08 | |
| 215 | @a279页@c图@d26cm | |
| 300 | @a高等学校通识课教材 | |
| 330 | @a本以技术健身理论为指导,除一批传统体育项目外,还特别介绍了网球、形体健美、户外运动等更为时尚的项目,以及体能训练的方法。 | |
| 606 | 0 | @a健康教育@Ajian kang jiao yu@x高等学校@j教材 |
| 606 | 0 | @a体育@Ati yu@x高等学校@j教材 |
| 690 | @aG807.4@v4 | |
| 690 | @aG647.9@v4 | |
| 701 | 0 | @a蒋凯@Ajiang kai@4主编 |
| 701 | 0 | @a周刚@Azhou gang@4主编 |
| 801 | 0 | @aCN@bQSSK@c20101117 |
| 905 | @b788548-50@dG807.4@eJ563@f3 | |
| 大学生体育与健康/蒋凯, 周刚主编.-上海:华东师范大学出版社,2010.08 |
| 279页:图;26cm |
| 高等学校通识课教材 |
| ISBN 978-7-5617-7720-6:CNY32.00 |
| 本以技术健身理论为指导,除一批传统体育项目外,还特别介绍了网球、形体健美、户外运动等更为时尚的项目,以及体能训练的方法。 |
| ● |
| 相关链接 |
|
|
|
正题名:大学生体育与健康
索取号:G807.4/J563
 
预约/预借
| 序号 | 登录号 | 条形码 | 馆藏地/架位号 | 状态 | 备注 |
| 1 | 788548 | 207885485 | 社科库409/409社科库 20排2列2层/ [索取号:G807.4/J563] | 在馆 | |
| 2 | 788549 | 207885494 | 社科库409/409社科库 20排2列2层/ [索取号:G807.4/J563] | 在馆 | |
| 3 | 788550 | 207885500 | 社科库409/409社科库 20排2列2层/ [索取号:G807.4/J563] | 在馆 |